<?xml version="1.0" encoding="UTF-8"?>
<resp>
  <nextPage>https://data.bn.org.pl/api/networks/bibs.marcxml?marc=001+b00001150001100&amp;sinceId=1150001101</nextPage>
  <collection>
    <record xmlns='http://www.loc.gov/MARC21/slim'><leader>01403namZa2200361ZiZ4500</leader><controlfield tag='001'>b00001150001100</controlfield><controlfield tag='005'>20241203215814.9</controlfield><controlfield tag='008'>230609s        pl           |000 0 pol c</controlfield><controlfield tag='009'>9913262226105606</controlfield><datafield ind1=' ' ind2=' ' tag='020'><subfield code='a'>MKras / DW / EK</subfield></datafield><datafield ind1=' ' ind2=' ' tag='035'><subfield code='a'>KR_1KR_1_20120317230201093722-48omnis_kr</subfield></datafield><datafield ind1=' ' ind2=' ' tag='035'><subfield code='a'>KR_1_20120317230201093722</subfield><subfield code='9'>ExL</subfield></datafield><datafield ind1=' ' ind2=' ' tag='035'><subfield code='a'>(PL)b00001150001100</subfield></datafield><datafield ind1=' ' ind2=' ' tag='040'><subfield code='a'>KR_1</subfield><subfield code='c'>KR_1</subfield></datafield><datafield ind1='1' ind2=' ' tag='041'><subfield code='a'>pol</subfield><subfield code='h'>eng</subfield></datafield><datafield ind1='1' ind2=' ' tag='100'><subfield code='a'>Cloke, Kenneth</subfield><subfield code='d'>(1941- )</subfield></datafield><datafield ind1='1' ind2='0' tag='245'><subfield code='a'>Jak rozwiązywać konflikty w pracy /</subfield><subfield code='c'>Kenneth Cloke, Joan Goldsmith ; przekł. Dariusz Bakalarz.</subfield></datafield><datafield ind1=' ' ind2=' ' tag='260'><subfield code='a'>W-wa :</subfield><subfield code='b'>&quot;Amber&quot;,</subfield><subfield code='c'>2001.</subfield></datafield><datafield ind1=' ' ind2=' ' tag='300'><subfield code='a'>166 s. :</subfield><subfield code='b'>2 il. ;</subfield><subfield code='c'>24 cm.</subfield></datafield><datafield ind1='1' ind2=' ' tag='490'><subfield code='a'>Biblioteka Ludzi Sukcesu</subfield></datafield><datafield ind1=' ' ind2=' ' tag='500'><subfield code='a'>n</subfield></datafield><datafield ind1=' ' ind2=' ' tag='502'><subfield code='a'>Na okł. podtyt.: 8 ścieśek zażegnywania nieporozumień w pracy, obracania konfliktów na swoją korzyść i przekształcania ich w pozytywne zmiany : bestsellerowy poradnik wykorzystywany przez wiele amerykańskich firm różnego szczebla.</subfield></datafield><datafield ind1=' ' ind2='9' tag='650'><subfield code='a'>Konflikt</subfield><subfield code='x'>zapobieganie i zwalczanie</subfield><subfield code='v'>poradnik</subfield></datafield><datafield ind1=' ' ind2='9' tag='650'><subfield code='a'>Praca</subfield><subfield code='x'>psychologia</subfield><subfield code='v'>poradnik</subfield></datafield><datafield ind1=' ' ind2='9' tag='650'><subfield code='a'>Stosunki interpersonalne</subfield><subfield code='v'>poradnik</subfield></datafield><datafield ind1='1' ind2=' ' tag='700'><subfield code='a'>Goldsmith, Joan</subfield></datafield><datafield ind1='1' ind2=' ' tag='700'><subfield code='a'>Bakalarz, Dariusz</subfield><subfield code='e'>Tł.</subfield></datafield><datafield ind1=' ' ind2=' ' tag='852'><subfield code='b'>48OMNIS_NETWORK</subfield><subfield code='8'>9913262226105606</subfield></datafield><datafield ind1=' ' ind2=' ' tag='852'><subfield code='b'>48OMNIS_KR</subfield><subfield code='8'>991000010999708216</subfield></datafield></record>
  </collection>
</resp>
